Islamic resurgence : (Record no. 66783)

MARC details
000 -LEADER
fixed length control field 01165nam a22002897a 4500
005 - DATE AND TIME OF LATEST TRANSACTION
control field 20120517113021.0
008 - FIXED-LENGTH DATA ELEMENTS--GENERAL INFORMATION
fixed length control field 120517t xxu||||| |||| 00| 0 eng d
010 ## - LCCN (DPL NO)
LC control number ENG-105299
020 ## - INTERNATIONAL STANDARD BOOK NUMBER
International Standard Book Number 9788124605738
Terms of availability 700.00
020 ## - INTERNATIONAL STANDARD BOOK NUMBER
International Standard Book Number 8124605734
Terms of availability 700.00
035 ## - SYSTEM CONTROL NUMBER
System control number EN-88832
037 ## - SOURCE OF ACQUISITION
Source of stock number/acquisition DBAD/PUB
040 ## - CATALOGING SOURCE
Original cataloging agency DPL
Language of cataloging Eng
082 ## - DEWEY DECIMAL CLASSIFICATION NUMBER
Classification number 270
100 ## - MAIN ENTRY--PERSONAL NAME
Personal name Choughley, Abdul Kader
9 (RLIN) 47159
245 ## - TITLE STATEMENT
Title Islamic resurgence :
Statement of responsibility, etc by Abdul Kader Choughley
Remainder of title Sayyid Abul Ḥasan ’Ali Nadwī and his contemporaries /
260 ## - PUBLICATION, DISTRIBUTION, ETC. (IMPRINT)
Place of publication, distribution, etc New Delhi
Name of publisher, distributor, etc D.K. Printworld
Date of publication, distribution, etc 2011
270 ## - ADDRESS
Address 'Srikunj', F-52, Bali Nagar, Ramesh Nagar Metro Station
City New Delhi
Postal code 110015
300 ## - PHYSICAL DESCRIPTION
Extent xii, 299 p.
Dimensions 23cm(Hb)
490 ## - SERIES STATEMENT
Series statement Islamic heritage in cross-cultural perspectives ; no. 6
-- 48312
500 ## - GENERAL NOTE
General note Includes bibliographical references (p. [287]-296) and index.
600 ## - SUBJECT ADDED ENTRY--PERSONAL NAME
Personal name Nadvī, Abulḥasan ʻAlī
Dates associated with a name 1913-
9 (RLIN) 47254
General subdivision Contemporaries.
650 ## - SUBJECT ADDED ENTRY--TOPICAL TERM
Topical term or geographic name as entry element Islam
Chronological subdivision 20th century.
9 (RLIN) 47255
700 ## - ADDED ENTRY--PERSONAL NAME
9 (RLIN) 47196
942 ## - ADDED ENTRY ELEMENTS (KOHA)
Source of classification or shelving scheme Dewey Decimal Classification
Item type English Books
Call number suffix CHO
Classification part 270
Holdings
Withdrawn status Lost status Source of classification or shelving scheme Damaged status Not for loan Collection code Home library Current library Date acquired Source of acquisition Cost, normal purchase price Total Checkouts Full call number Barcode Date last seen Copy number Cost, replacement price Koha item type
    Dewey Decimal Classification   Not For Loan Non-fiction D.B.Act.Division D.B.Act.Division 17/05/2012 DBAD/PUB 700.00   270 CHO EN-88832 17/05/2012 1 700.00 English Books

© Delhi Public Library
Hit Counter
free hit counter